| 000 | 00621nam a22001697a 4500 | ||
|---|---|---|---|
| 003 | NUST | ||
| 082 | _a621.382,AFT | ||
| 100 |
_aAftab, Moiz _9133086 |
||
| 245 |
_aSmart Data Acquisition System (SDAS) / _cMoiz Aftab, Faisal Khan, Abdul Wahab Khan and Mohsin Zulfiqar (BETE-55 /TCC-30) |
||
| 260 |
_aRawalpindi _bMCS (NUST) _cJune, 2022 |
||
| 300 | _axi, 45 p.; | ||
| 505 | _aIntroduction (Page-1), Liquid Crystal Display (Page-14), System Design (Page-27), Results (Page-42). | ||
| 650 |
_aUG Project _9131132 |
||
| 651 |
_a(BETE-55 /TCC-30) _9132999 |
||
| 700 |
_aSupervised by Adil Masood _9133087 |
||
| 942 |
_2ddc _cPR |
||
| 999 |
_c616081 _d616081 |
||